000 00294nam a22001217a 4500
082 _a894.812
_bPOW/H
100 _aDr. JOHN POWATHIL
245 _aHRIDAYAVUM HRIDROGANGALUM KUTTIKALUM MUTHIRNAVARUM
260 _aERNAKULAM
_bPEN BOOKS
300 _a119
650 _aHEALTHCARE
_zKERALA
942 _cBK
999 _c999
_d999